000 00662nam a2200181Ia 4500
001 39722
005 20170506100244.0
008 140423s9999 xx 000 0 und d
020 _a9695037372
040 _cPK-LaUMT
082 _a UMT 297.63
_bTAH-F
100 _aTahir Mustafa, Muhammad
245 _a(فلسفئہ اسما رسولﷺ)Phalsaphah-e-Asma'e Rasool (Sallallah-o-Alaih-e-Wassallam)
_c(طاہر مصطفی، محمد)Tahir Mustafa, Muhammad
260 _a(لاہور، پاکستان )Lahore,Pakistan:
_b(الفیصل پبلشرز اینڈ ٹریڈرز)Al-Faisal Publisher and Traders,
_c2008
300 _a781 p.
546 _aUR
942 _cBK
999 _c39026
_d39026